000 00651nam a2200253Ia 4500
008 160803s9999 xx 000 0 und d
020 _a9780439896269
100 _aDeGroat, Diane
245 _aBrand-new pencils, brand-new books /
245 _cDiane deGroat.
260 _aNew York :
260 _bScholastic Inc.
260 _c2005
300 _a1 volume (unpage) :
300 _bcolor illustrations ;
300 _c26 cm
650 _aAnimals --
650 _aFirst day of school --
650 _aSchools --
650 _xJuvenile fiction.
650 _xJuvenile fiction.
650 _xJuvenile fiction.
700 _a620
999 _c299956
_d299956